000
00325nam a2200133Ia 4500
008
250527s9999 xx 000 0 und d
082
_a
891.4391 SID
100
_a
Siddiqui, Afaq
245
0
_a
Kon Akhar Hamid
260
_a
karachi:
_b
Rehmat Ali Book Binding,
_c
2004
300
_a
348p.
600
_a
Literature
942
_c
GB
999
_c
31300
_d
31300